[Event "SWE-ch"]
[Site "Skara"]
[Date "2002.07.07"]
[Round "7"]
[White "Barkhagen, Jonas"]
[Black "Cicak, Slavko"]
[Result "1/2-1/2"]
[WhiteElo "2455"]
[BlackElo "2537"]
[Annotator "Stohl,I"]
[PlyCount "116"]
[EventDate "2002.06.30"]
[EventType "tourn"]
[EventRounds "13"]
[EventCountry "SWE"]
[EventCategory "9"]
[SourceTitle "CBM 091"]
[Source "ChessBase"]
[SourceDate "2002.11.12"]
[SourceVersion "1"]
[SourceVersionDate "2002.11.12"]
[SourceQuality "1"]

1. d4 Nf6 2. c4 c5 3. d5 a6 4. a4 e6 5. Nc3 Bd6 {An interesting way to reach
the "Snake Benoni" positions, which gives Black some extra options.} 6. g3 (6.
e4 {Bur Black doesn't have to put his B to c7, also the more active} Be5 $5 {
is possible:} (6... exd5 7. cxd5 O-O 8. Bd3 Bc7 (8... Re8 9. Nf3 Bc7 10. O-O d6
11. Nd2 Nbd7 12. Nc4 Rb8 13. Bf4 Nf8 14. a5 Bg4 15. f3 Bc8 16. h3 Ng6 17. Bh2
Ne5 18. Re1 Nfd7 19. Qd2 f6 20. Nd1 Nxd3 21. Qxd3 Ne5 22. Bxe5 fxe5 23. f4 $1
exf4 24. e5 Bd7 25. e6 Bb5 26. Nc3 $16 {Vaisser,A-Minasian,A/Munich/1993/}) 9.
Nf3 d6 10. h3 Nbd7 11. O-O Rb8 12. Re1 Re8 13. Bf4 h6 $14 {1/2, Golod,
V-Volokitin,A/Lvov/2001/}) 7. Bd3 Qe7 8. Nge2 exd5 9. exd5 d6 10. h3 Bxc3+ 11.
bxc3 Nbd7 12. O-O Ne5 13. Ng3 Nxd3 14. Qxd3 O-O 15. Bg5 h6 16. Rfe1 Qd8 17. Bf4
Re8 18. Nf5 Bxf5 19. Qxf5 Rb8 20. g4 g6 21. Qd3 Kg7 22. Qg3 Ne4 $132 {Tikkanen,
H-Hellborg,T/SWE-chT/2000/}) (6. Bg5 Be5 7. Qc2 h6 8. Bd2 O-O 9. e4 exd5 10.
exd5 Re8 11. Be2 d6 12. Nf3 Bxc3 13. Bxc3 Qe7 14. Bxf6 Qxf6 15. O-O Bg4 16.
Rfe1 Nd7 17. h3 Bf5 18. Qd2 b6 19. b3 Re7 20. Nh2 Rae8 $15 {Papp,Z-Resika,N/
Budapest/2000/}) ({White's best is to prevent the Be5 possibility immediately
with} 6. Nf3 exd5 (6... O-O 7. Bg5 Bc7 (7... exd5 $6 8. Nxd5 $16) 8. e4 $36) 7.
cxd5 O-O 8. Bg5 Bc7 (8... Re8 9. e3 Bc7 10. Bd3 h6 11. Bh4 d6 12. O-O Nbd7 13.
Bb1 (13. Nd2 $142 {as in the game below}) 13... Rb8 14. Qd3 Ba5 15. Bg3 Qc7 16.
e4 c4 17. Qd4 Bb4 18. Re1 Bc5 19. Qd2 b5 20. axb5 axb5 21. Nd4 b4 $15 {Schmitz,
M-Lindgren,F/Skelleftea op/2001/}) 9. Nd2 d6 10. e3 Nbd7 11. Be2 Rb8 12. O-O
Re8 13. h3 h6 14. Bh4 Nf8 15. Nde4 N8h7 16. Bd3 Bd7 17. f4 c4 18. Bc2 b5 19.
Nxf6+ Nxf6 20. Ne4 $40 {Estremera Panos,S-Lindgren,F/Olomouc/2001/}) 6... Be5
$5 $146 {[%mdl 8] Surprisingly a novelty in this position.} (6... O-O 7. Bg2
Bc7 8. Nf3 d6 9. O-O exd5 10. cxd5 Nbd7 11. h3 Rb8 12. Bf4 b5 13. axb5 axb5 14.
b4 Ne5 15. bxc5 Nxf3+ 16. exf3 dxc5 17. d6 Ba5 18. Nd5 Nxd5 19. Qxd5 Bc3 20.
Ra7 Qb6 21. Rc7 Bd4 22. d7 Bb7 23. Qd6 c4 {Baigorri,F-Sjodahl,P/Zaragoza/1992/}
24. Rb1 $5 $14) (6... Bc7 7. Bg2 d6 8. Nh3 exd5 9. Nxd5 $6 Nxd5 10. Qxd5 Nc6
11. O-O O-O 12. Ng5 h6 13. Ne4 Bg4 (13... Be6 14. Qh5 Ne5 $1 $36) 14. Bf4 Bxe2
15. Rfe1 Nd4 16. Bxd6 Bxd6 17. Nxd6 Qc7 18. Nxb7 Rae8 19. Qxc5 Qxc5 20. Nxc5
Nc2 21. Bd5 Nxe1 22. Rxe1 $16 {Duijn,R-Welling,G/Enschede/1990/}) 7. Qc2 {
White neglects development, which enables Black to get an active position.} (7.
Bg2 $142 O-O 8. Nf3 Bxc3+ 9. bxc3 d6 (9... Ne4 10. Qd3 Qf6 11. d6 $5 $16 {()})
10. O-O Re8 $13 {[%cal Yf6e4] /\Ne4<=>}) 7... exd5 8. cxd5 (8. Nxd5 Nxd5 9.
cxd5 d6 10. Nf3 Bf6 $11) 8... O-O (8... Bxc3+ $2 9. Qxc3 Nxd5 10. Qe5+ Ne7 11.
Qxg7 $16) 9. Bg2 (9. Nf3 Bxc3+ 10. Qxc3 d6 {[%csl Rd5] ><d5 forces White to
lose further tempi to protect his central P.} 11. Qd3 b5 $5 12. axb5 Bb7 $36)
9... Re8 10. e3 (10. Nf3 Bxc3+ 11. Qxc3 d6 12. Nd2 Bf5 $32) 10... b5 $5 (10...
d6 11. Nge2 Nbd7 12. O-O {/\f4+/=}) 11. Nf3 (11. axb5 Bb7 12. Nge2 (12. bxa6
Nxa6 {[%cal Ra6b4] /\Nb4|^}) (12. Nf3 Bxc3+ 13. Qxc3 d6 14. bxa6 Nxa6 {-see
game}) 12... axb5 13. Rxa8 Bxa8 14. O-O b4 (14... Na6 $5 $13) 15. Na4 Qa5 $132
(15... Nxd5 16. Rd1 Nc7 17. Bxa8 Nxa8 18. Qxc5 Nc6 19. b3 {/\Bb2+/=})) 11...
Bxc3+ 12. Qxc3 (12. bxc3 Bb7 $15) 12... d6 {The simplest and the best-White
can't hold his Pd5.} (12... Qb6 13. axb5 Nxd5 (13... Qxb5 $2 14. Ra5 Nxd5 15.
Rxb5 Nxc3 16. Rxc5 Ne4 17. Rc2 $36) 14. Qa5 Qf6 $13) 13. axb5 Bb7 14. bxa6 Nxa6
15. O-O Nb4 (15... Bxd5 $142 $5 16. Bd2 Nb4 $36) 16. Rxa8 Qxa8 17. Nh4 Nbxd5 (
17... Bxd5 $1 18. Bxd5 Qxd5 $15) 18. Qb3 Nb4 19. Bxb7 Qxb7 20. Bd2 Rb8 (20...
Ne4 21. Bxb4 cxb4 22. Rd1 $132) 21. Rd1 $132 Qc8 (21... d5 22. Bc3 c4 23. Qa3
Nd3 24. Bxf6 gxf6 25. Rxd3 Ra8 $1 (25... cxd3 26. Qxd3 Qb3 27. Qd4 $44 {=}) 26.
Qxa8+ (26. Qc3 $4 Ra1+ 27. Kg2 d4+ $19) 26... Qxa8 27. Rd2 {/\Nf3 and Black
has no active plan to break White's fortress.}) 22. Bc3 (22. Bxb4 Rxb4 23. Qd3
d5 $15) 22... c4 (22... Ne4 23. Bxb4 Rxb4 24. Qd5 $1 $11 {[%cal Rh4f5] /\Nf5})
(22... Nbd5 23. Qc2 Qe6 (23... Nxc3 24. bxc3 $11) 24. Bxf6 Nxf6 25. Ng2 $11)
23. Qa3 Nfd5 24. e4 {White decides to sacrifice his Q, but even} (24. Bxb4 $5
Nxb4 25. Rxd6 Nd3 26. Qa5 $1 {/\Nf5,Qd5<=> was good enough, White's pieces are
active enough to cope with the o^c4 after Pb2 falls.} ({Even} 26. Rxd3 $6 cxd3
27. Qxd3 Rxb2 28. Nf5 $15 {/= is drawish})) 24... Ra8 $8 (24... Nxc3 $2 25.
bxc3 Nd3 26. Qxd6 $16) 25. Bxb4 Rxa3 26. Bxa3 Nf6 (26... Ne7 27. Bxd6 $11 (27.
Rxd6 $11)) 27. Nf5 Qa8 28. Nxd6 c3 29. Rc1 (29. Rd3 $5 cxb2 (29... c2 $2 30.
Rc3 $14) 30. Bxb2 $11 {saves the Pe4.}) 29... Nxe4 (29... cxb2 $4 30. Bxb2 {
[%cal Rc1c8] /\Rc8+-}) 30. Nxe4 Qxe4 31. Rxc3 h5 32. h4 $11 {The _|_ is a draw
even without the Pb2, with pawns on one flank White can always build a
fortress.} f6 33. Re3 Qd5 34. Bb4 g5 35. hxg5 (35. Bc3 gxh4 36. gxh4 Kf7 37. f3
$11) 35... fxg5 36. Bc3 Kf7 (36... h4 37. Re5 Qd1+ 38. Kh2 $11) 37. Re5 Qd1+
38. Kg2 Kg6 39. Re6+ Kf7 40. Re5 Qd8 41. Re3 {White sees no danger if he does
nothing.} (41. Rf5+ $11) (41. f4 $5 Qa8+ 42. Kh2 g4 43. Rf5+ (43. Rxh5 Qf3 44.
Rf5+ Kg6 45. Rf6+ Kh7 46. Rf7+ Kg8 $15) (43. Re3 $11 {[%cal Rf4f6] /\f5-f6})
43... Kg6 44. Rg5+ Kf7 45. Rf5+ $11 {/\} Ke6 46. Rxh5 Qf3 47. Re5+ Kf7 48. Be1)
41... Qd5+ 42. Kh2 Qc4 (42... h4 43. gxh4 gxh4 {is a draw even without the Bc3
and Pb2!}) 43. Kg2 Kg6 44. Re5 Qc6+ 45. Kh2 Qf3 46. Re6+ Kh7 47. Re7+ Kg6 48.
Re6+ Kh7 49. Re7+ Kg8 (49... Kh6 50. Re6+ $11) 50. Rg7+ Kf8 51. Rxg5 Qxf2+ 52.
Kh3 Qf1+ 53. Kh2 (53. Kh4 $4 Qh1#) 53... Kf7 54. Re5 Qf3 55. Ra5 Qe2+ 56. Kh3
Kg6 57. Re5 Qf1+ 58. Kh2 Qf2+ (58... Qf2+ 59. Kh3 $11) 1/2-1/2

[Event "WchT 6th"]
[Site "Beersheba"]
[Date "2005.11.08"]
[Round "7.1"]
[White "Zhao, Xue"]
[Black "Aronian, Levon"]
[Result "0-1"]
[WhiteElo "2478"]
[BlackElo "2724"]
[Annotator "Stohl,I"]
[PlyCount "80"]
[EventDate "2005.11.01"]
[EventType "team-tourn"]
[EventRounds "9"]
[EventCountry "ISR"]
[SourceTitle "CBM 110"]
[Source "ChessBase"]
[SourceDate "2006.01.31"]
[SourceVersion "1"]
[SourceVersionDate "2006.01.31"]
[SourceQuality "1"]
[WhiteTeam "China (W)"]
[BlackTeam "Armenia"]
[WhiteTeamCountry "CHN"]
[BlackTeamCountry "ARM"]

1. d4 Nf6 2. c4 c5 3. d5 e5 4. Nc3 d6 5. e4 Be7 6. Bd3 Nbd7 7. Nge2 h5 $5 {
A provocative idea, Black doesn't commit his K yet, but prefers to gain some ()
on the >> first.} 8. f3 (8. h4 a6 (8... g6 9. g3 Kf8 10. f3 Kg7 11. Be3 Ne8 12.
Qd2 Nc7 13. Kf1 Nf6 14. Kg2 Bd7 15. Rab1 Qe8 16. b4 cxb4 {1/2, Hecht,H-Van den
Berg,A/Arvier/2004/} 17. Rxb4 $14) 9. a3 Nf8 10. f3 N6d7 11. g3 g5 12. hxg5
Bxg5 13. Bxg5 Qxg5 14. Qd2 Qf6 15. Qe3 h4 16. O-O-O Ng6 17. f4 hxg3 18. Rxh8+
Qxh8 19. f5 Nf4 $5 20. Nxf4 exf4 21. Qxf4 Ne5 22. Qxg3 Bd7 $44 {Skembris,
S-Miladinovic,I/Karditsa/1996/}) 8... h4 9. Be3 g6 $146 ({The Nd7 is important
for the defence of the <<,} 9... Nf8 {is slow and rather clumsy:} 10. Qd2 Ng6 (
10... a6 11. b4 $1 b6 12. Rb1 N6d7 13. Na4 g5 14. bxc5 bxc5 15. Kd1 Ng6 16. Kc2
Kf8 17. g3 Rb8 18. Rxb8 Nxb8 19. Rb1 Nd7 20. Nc1 $16 {Atalik,S-Trikaliotis,G/
GRE-chT Athens/1996/}) 11. O-O-O Bd7 12. a3 a6 13. Kc2 Nh7 14. g3 Bg5 15. f4
Bf6 16. Rhg1 Kf8 17. Rdf1 Rb8 18. a4 Rc8 19. b3 hxg3 20. hxg3 Bg4 21. Nc1 Kg8
22. Be2 Bxe2 23. N1xe2 Qe7 24. Rh1 $16 {Quinteros,M-Gheorghiu,F/Lone Pine/1980/
}) (9... Nh5 10. Qd2 g5 $2 11. g3 Bf6 12. Bc2 Nf8 13. Ba4+ Bd7 14. Bxd7+ Nxd7
15. Nd1 Rg8 16. Nf2 Qe7 17. Ng4 Rg6 18. Bf2 Nb6 19. b3 O-O-O 20. Nc3 Kb8 21.
Nd1 Rh8 22. Nde3 Qd8 23. O-O-O $16 {Doubleday,W-Coudari,C/Calgary/1975/}) 10.
Qd2 Kf8 11. a3 Kg7 12. b4 a6 13. Na4 b6 14. Rb1 Nh7 15. bxc5 bxc5 16. O-O Bg5
17. f4 $6 {A committal decision, which gives Black the central dark squares.
White's c4- and e4-pawns will be vulnerable and the play on the f-file won't
be a sufficient compensating factor. After other moves Black excahnges his
dark-squared B, but White has more space and a very solid position.} (17. Rb3 {
[%cal Gb1b8] ()<->b} Bxe3+ 18. Qxe3 Qg5 $14 {/<=>}) 17... exf4 18. Nxf4 Re8 19.
Bc2 Kg8 20. h3 Ne5 $15 21. Nb2 Nf6 {Now Black's pieces get into a bit of a
tangle.} (21... Bd7 $15) 22. Rf2 Rb8 23. Qc3 Nfd7 (23... Ned7 24. Ne6 $5 fxe6
25. Bxg5 Nxe4 26. Bxe4 Qxg5 27. dxe6 $13) 24. Ba4 Qf6 25. Qc2 Qe7 26. Bd2 Bf6
27. Bc3 Bg7 28. Rbf1 Qg5 $5 {Aronian is ambitious and targets White's >>.} ({
A solid alternative was} 28... Rf8 $11 {/=/+}) 29. Kh1 Re7 30. Nfd3 (30. Nbd3
$5 $132) 30... Qg3 31. Bxd7 Bxd7 32. Bd2 (32. Rf4 Bxh3 33. gxh3 (33. Be1 Qxg2+
34. Qxg2 Bxg2+ 35. Kxg2 g5 36. Rf5 Rb3 $1 $17) 33... Qxh3+ 34. Kg1 Bh6 $1 {/\}
35. Bxe5 (35. Nxe5 Bxf4 36. Rxf4 Qg3+ 37. Qg2 Qxf4 38. Nc6 Qe3+) 35... Rxe5 $40
) (32. Nxe5 Bxe5 33. Bxe5 Qxe5 34. Re2 $15) 32... g5 $1 33. Be1 $6 (33. Bc3
Bxh3 (33... g4 $13) 34. Nxe5 Bxe5 35. Bxe5 Rxe5 36. gxh3 Qxh3+ 37. Kg1 Rb3 $44)
33... Bxh3 $1 {[%mdl 512] Now this sacrifice is strong and White is in trouble.
} 34. gxh3 $6 (34. Rf5 $142 Qxg2+ $5 (34... Nxd3 35. Nxd3 (35. Bxg3 Rxb2 36.
Qxd3 Bxg2+ 37. Kg1 Bxe4 $19) 35... Bxg2+ 36. Qxg2 Qxd3 37. Rxg5 $132) 35. Qxg2
Bxg2+ 36. Kxg2 Rb3 $17) (34. Re2 Bxg2+ 35. Rxg2 Qh3+ 36. Kg1 Nf3+ 37. Rxf3 Qxf3
$17) 34... Qxh3+ 35. Kg1 Ng4 $40 {[%cal Rg7d4,Rg4e3] /\Ne3,Bd4-+} 36. e5 Nxf2
37. Qxf2 (37. Nxf2 Qg3+ 38. Kh1 Bxe5 $19) 37... Rxb2 $1 38. Nxb2 (38. Qxb2 Qxd3
$19) 38... Bxe5 39. Qd2 (39. Qg2 Qxg2+ 40. Kxg2 Bxb2 $19) 39... Bd4+ 40. Rf2 (
40. Bf2 Re3 $1 $19 {is similar}) 40... Re3 0-1

[Event "Horgen CS"]
[Site "Horgen"]
[Date "1994.??.??"]
[Round "8"]
[White "Lautier, Joel"]
[Black "Miles, Anthony John"]
[Result "1-0"]
[WhiteElo "2645"]
[BlackElo "2600"]
[Annotator "Stohl,I"]
[PlyCount "85"]
[EventDate "1994.09.??"]
[EventType "tourn"]
[EventRounds "11"]
[EventCountry "SUI"]
[EventCategory "16"]
[SourceTitle "CBM 043"]
[Source "ChessBase"]
[SourceDate "1994.12.01"]
[SourceVersion "1"]
[SourceVersionDate "1994.12.01"]
[SourceQuality "1"]

1. d4 Nf6 2. c4 c5 3. d5 e5 4. Nc3 d6 5. e4 Be7 6. g3 Nbd7 (6... O-O 7. Bg2 Ne8
8. Nge2 g6 9. O-O Ng7 10. Be3 Nd7 11. Qd2 a6 12. Rab1 f5 13. f3 fxe4 14. fxe4
Rxf1+ 15. Rxf1 Nf6 16. h3 h5 17. a3 h4 $5 18. gxh4 Nh7 19. Bf2 Bxh4 20. b4 b6
21. Bxh4 Qxh4 22. Qe1 Qxe1 23. Rxe1 cxb4 24. axb4 Bd7 $132 {Atalik,S-Starosek,
K/St.Petersburg/1994/}) 7. Bg2 a6 (7... Nf8 8. Nge2 Ng6 9. a3 a6 10. Rb1 Nd7
11. h4 h5 12. Be3 Nf6 13. f3 O-O 14. Ng1 Nh7 15. Bh3 Bxh3 16. Nxh3 f5 $6 17.
exf5 Rxf5 18. Ne4 Qf8 19. Rf1 a5 20. Ke2 Qd8 21. Qa4 Rf8 22. Rh1 Qc8 23. Rbf1
Nf6 24. Nhg5 $16 {Tratar,M-Reiter,M/Werfen op/1992/}) 8. a4 (8. Nge2 h5 9. h4
Nf8 $6 10. Be3 g6 11. a3 Ng4 12. Bd2 f5 13. f3 Nh6 14. f4 $32 Nd7 15. Qc2 Nf6
16. fxe5 dxe5 17. O-O-O Nf7 18. d6 $1 Nxd6 19. Nf4 $1 Kf7 20. Nd3 Nxc4 21. Bg5
Qe8 22. Nd5 b5 23. Nc7 Qc6 24. Qxc4+ $1 {1-0,Kurz,A-Hickl,J/BL 8990/1990/})
8... Rb8 (8... O-O $142) (8... b6 9. Nge2 Nf8 10. f4 $6 (10. Rb1 $14) 10...
exf4 11. gxf4 Ng6 12. O-O Nh4 13. Bh1 Bh3 14. Re1 O-O 15. Ng3 g5 $5 16. fxg5
Ng4 17. Nf5 Bxg5 18. Qd3 Nxf5 19. Qxh3 (19. exf5 Bxc1 20. Qxh3 Bxb2 21. Qxg4+
Kh8 $13) 19... Nfh6 20. Rf1 Kh8 21. Bf3 Rg8 $15 {Avshalumov,V-Erushev,G/
Blagoveshchensk/1988/}) 9. Nge2 h5 $6 (9... O-O 10. O-O Ne8 11. f4 $14) 10. h4
b6 11. Rb1 g6 12. Bh3 $1 Bf8 13. Bg5 Bg7 (13... Bh6 $142 14. Bxh6 (14. f4 $5
Bxg5 15. hxg5 Nh7 16. Nc1 $36) 14... Rxh6 15. Qd2 Rh8 16. Nc1 {/\Nd3,b4,f4|^})
14. Qd2 $1 Nf8 15. Bxc8 Qxc8 16. f3 $16 N8d7 (16... Ng8 17. Nc1 Bh6 18. Bxh6
Nxh6 19. Nd3 $16) 17. Nc1 O-O 18. Nd3 Rb7 19. Qe2 Re8 (19... Nb8 20. Rg1 {
/\g4->}) 20. g4 $40 Nf8 21. Rg1 N8h7 22. Bd2 Kh8 (22... hxg4 23. fxg4 Kh8 24.
Kd1 {/\Kc2,Rbf1,h5->}) 23. Kd1 Rg8 24. Kc2 Ne8 $6 (24... Re7 25. Rbf1 $16 {()})
25. gxh5 gxh5 26. f4 {><h5} exf4 $8 27. Nxf4 Nef6 28. Nxh5 $18 Nxh5 29. Qxh5
Be5 30. Qf5 $1 Qxf5 (30... Qe8 31. Rg4 $18) 31. Rxg8+ Kxg8 32. exf5 Nf6 33. b4
cxb4 (33... Re7 34. bxc5 bxc5 35. Rb6 $18) 34. Rxb4 Rc7 35. Kd3 Nd7 (35... Bxc3
36. Bxc3 Nd7 37. Bd4 $18) 36. Ne4 Rc8 37. Rb1 (37. Be3 $5 Rb8 38. Rb1 $18)
37... Kf8 38. Bb4 Ke7 39. Re1 {/\Nd6+-} Nc5+ $8 40. Bxc5 bxc5 (40... dxc5 41.
Nxc5 $1 $18) 41. Rb1 Rh8 42. Rb7+ Kf8 (42... Ke8 43. Rb8+ Kd7 (43... Ke7 $2 44.
f6+ Bxf6 45. Rb7+) 44. Rxh8 Bxh8 45. f6 $1 $18) 43. f6 (43. f6 Kg8 $8 44. Rb8+
Kh7 45. Ng5+) 1-0

[Event "GER-ch 76th"]
[Site "Altenkirchen"]
[Date "2005.02.23"]
[Round "6"]
[White "Khenkin, Igor"]
[Black "Prusikin, Michael"]
[Result "1-0"]
[WhiteElo "2604"]
[BlackElo "2540"]
[Annotator "Stohl,I"]
[PlyCount "123"]
[EventDate "2005.02.18"]
[EventType "swiss"]
[EventRounds "9"]
[EventCountry "GER"]
[SourceTitle "CBM 106"]
[Source "ChessBase"]
[SourceDate "2005.06.06"]
[SourceVersion "1"]
[SourceVersionDate "2005.06.06"]
[SourceQuality "1"]

1. d4 Nf6 2. c4 c5 3. d5 e5 4. Nc3 d6 5. e4 Be7 6. Nf3 Nbd7 7. h3 Nf8 8. Bd3
Ng6 9. O-O {White commits his K too early. A more flexible move, which gives
him chances to get an opening advantage, is} (9. g3 $5 O-O (9... h5 10. h4 Bg4
11. Be2 a6 12. Be3 (12. a4 b6 13. Nh2 Bd7 14. Bg5 Nh7 15. Bxe7 Qxe7 16. Bxh5
Nf6 17. Bf3 Rb8 18. Ng4 Ng8 19. Ne3 Nh6 20. Bg2 Kd8 21. Rb1 a5 22. Bh3 Bxh3 23.
Rxh3 Qd7 24. Rh1 $16 {Mellano,S-Fernandez,J/Buenos Aires/1991/}) 12... Bd7 13.
Nh2 b5 14. Bg5 b4 15. Bxf6 bxc3 16. Bxe7 Nxe7 17. bxc3 Qa5 18. Qd2 Ng8 19. Rb1
Nf6 20. Bd3 Bh3 21. f3 O-O 22. Kf2 $16 {Plaskett,J-Valenti,R/Port Erin op/2000/
}) (9... Bd7 10. Bd2 a6 11. Qe2 Qc8 12. h4 Bg4 13. Qe3 Rb8 14. a4 Bd8 15. Ng1
h5 16. f3 Bd7 17. a5 b6 18. axb6 Rxb6 19. Ra2 Ng8 20. Nge2 Nh6 21. Nd1 $14 {
[%csl Ra6,Rd6] ק} f5 $6 22. exf5 Bxf5 23. Ba5 Rb7 24. Bxd8 Qxd8 25. Rxa6 O-O
26. Bxf5 Rxf5 27. Nec3 $16 {Lazarev,V-Miladinovic,I/Montreal/2000/}) 10. Bd2
Bd7 11. Qe2 a6 12. O-O-O $6 {Even here White commits his K too early, moreover
into a dangerous region.} (12. h4 $142 $14) 12... b5 $36 13. Rdg1 Qa5 14. Kb1
Rfb8 15. Ka1 Qb6 16. Bc1 bxc4 17. Bxc4 Ne8 18. Nd2 Nc7 19. Qd3 Nb5 20. Ne2 Nf8
21. h4 Be8 22. h5 Nd7 23. Bb3 Nd4 24. Ba4 Qc7 25. Nc4 Rb4 $40 {Drkulec,
V-Finegold,B/Flint/1993/}) 9... h6 $146 {[%cal Yf6h7,Yh7g5] Black chooses a
slow build-up, a possible idea behind this move is Nh7-g5.} (9... h5 $5 10. Rb1
h4 11. b4 cxb4 12. Rxb4 Nd7 13. Bc2 O-O 14. Ne2 Nc5 15. Be3 b6 16. Nc3 Bd7 17.
Qe2 Bf6 18. Qd2 Be7 19. Bd1 Rc8 20. Be2 Na6 21. Rb2 Nc5 22. Rc1 Rc7 23. Ne1 Nf4
$5 $11 {Timoscenko} (23... f5 24. exf5 Bxf5 25. Nd3 Ne4 26. Nxe4 Bxe4 27. Bg4
$14 {Timoscenko,G-Gheorghiu,F/Biel/1994/})) (9... Nh5 $5 $132) 10. Rb1 O-O ({
Premature is} 10... Nf4 11. Bxf4 exf4 12. Qd2 g5 13. e5 $14 (13. Rfe1 $5 $36))
11. Ne2 (11. b4 cxb4 $5 $132 {is similar to Timoscenko-Gheroghiu above.}) 11...
Nh5 12. b4 $5 b6 {Although now Black's Nh5 is futher from the ideal c5-square,
nevertheless} (12... cxb4 13. Rxb4 Nhf4 $13 {was an interesting and more
fighting alternative.}) 13. bxc5 bxc5 14. Qa4 Qc7 (14... Bd7 $5 15. Qa6 Bc8 $11
) 15. Bd2 Bd7 16. Qa6 Rab8 (16... Bc8 17. Qb5 $14 (17. Qc6 Qxc6 18. dxc6 Bd8
19. Nc3 Ne7 20. Nb5 Nxc6 21. Nxd6 Be7 $11)) 17. Kh2 Rb6 {Again Black chooses a
passive defensive move, transposing into a slightly inferior _|_.} (17... Nhf4
$142 18. Nxf4 (18. Ba5 $6 Qc8 $15) 18... Nxf4 19. Bc2 Rb6 $5 (19... Ne2 20. Ba4
(20. Ba5 Qc8 21. Qxa7 Ra8 $11) 20... Bxa4 (20... Nd4 21. Nxd4 {/\} cxd4 $4 22.
Ba5 $18) 21. Qxa4 Nd4 22. Ba5 $1 (22. Nxd4 cxd4 $132) 22... Nxf3+ 23. gxf3 Qc8
24. Qc6 $36) 20. Rxb6 axb6 (20... Qxb6 21. Qxb6 axb6 22. Rb1 Rb8 23. a4 {/\a5|^
}) 21. Rb1 Rb8 $132 {/+/=}) 18. Rxb6 Qxb6 19. Qxb6 axb6 20. Rb1 $14 {[%mdl
4096]} Rb8 21. Nc3 Nf6 22. Rb3 (22. a4 Ra8 $5 23. Bc2 (23. Rxb6 Bxa4 $11 {/+/=}
) 23... Ra6 $14 {doesn't improve White's position, so Khenkin first tries to
penetrate with his R.}) (22. Bc2 {doesn't make much sense, as White needs to
protect the Pe4 to play Ba4.}) 22... Bd8 23. Ra3 Ne7 24. Bc2 Kf8 25. Bc1 $1 {
[%cal Rc2a4] /\Ba4} (25. Ba4 $2 Ra8 {[%csl Re4] ><e4}) 25... Ne8 26. Ba4 Bc8
27. Bxe8 (27. Bc6 $6 Nxc6 28. dxc6 Be6 29. Nd5 Rc8) ({and} 27. Nb5 Ra8 {
both lead nowhere, so White exchanges his "bad" Ba4.}) 27... Kxe8 28. Nb5 Kd7
29. Nh4 $5 (29. Ra7+ Bb7 {/\Nc8+/=}) 29... Bb7 (29... g6 30. Bxh6 $5 (30. g3
Ng8 31. Ng2 $14 {[%cal Yf2f4] /\f4}) 30... Ng8 31. Bf8 Bxh4 32. Bxd6 Rb7 33.
Bxe5 $44) 30. g3 Ra8 31. Rxa8 Bxa8 32. Kg2 Bb7 33. Kf3 Bc8 34. Ke2 Ba6 {
Inconsistent.} (34... Bc7 $142 {[%cal Yc7b8,Yd7e8] /\Bb8,Ke8,f5<=>}) (34... h5
$5 $14) 35. Kd3 g5 {In keeping with Black's plan to simplify the position.
However, his fortress is not so 100% invincible, as it seems and from now on
he must play quite accurately.} (35... h5 $14 {was still playable.}) 36. Nf5
Nxf5 37. exf5 Bxb5 (37... Bc8 $5 {/\} 38. Nc3 Ke8 $14) 38. cxb5 {[%cal Yd3e4,
Ye4f3,Yf3h5]} h5 {This is sooner or later necessary to prevent a possible
Ke4-f3-g4-h5.} 39. Ke4 f6 40. Bd2 {A classical goodB - bad B _|_. White first
improves his position as much as he can without comitting himself. Black's P
are weak, but the closed nature of the position makes it difficult to make any
inroads without sacrifices.} Ke8 41. a4 Kf7 42. f3 Ke8 43. Kd3 Kd7 44. Ke2 Ke8
45. Kf2 Kf7 46. Kg2 Kg7 47. h4 $5 {The only way to make any progress.} (47. f4
g4 48. hxg4 hxg4 49. Kf2 Kf7 50. Ke3 Kg7 51. fxe5 fxe5 52. Ke4 Kf7 $11) 47...
g4 $5 {Although it gives White a protected o^h4, this move further closes the
position. Although somewhat passive, it's arguably the best:} (47... gxh4 48.
g4 $1 hxg4 49. fxg4 $16) ({or} 47... Kf7 48. Kh3 (48. hxg5 $2 fxg5 49. Kh3 Kf6
50. g4 h4 $11) 48... Kg7 49. g4 hxg4+ (49... Kh6 $2 50. hxg5+ fxg5 51. f6 $1
$36 {/\} Bxf6 52. a5 bxa5 53. Bxa5 e4 54. fxe4 c4 55. b6 Bd4 56. b7 Ba7 57. e5
$1 Bb8 58. exd6 Bxd6 59. Bb4 $18) 50. fxg4 $16 {-47...gxh4 also gives White
chances, although it still remains to be seen how and if he can break through.}
) 48. fxg4 hxg4 49. Kf2 Bc7 50. Ke2 Kh7 51. Kd3 Kg7 52. Kc4 Bd8 53. Bc3 {
Final preparations for the break:} (53. a5 $6 bxa5 54. b6 $2 Bxb6 55. Kb5 Bd8
56. Kc6 a4 57. Kxd6 a3 58. Kxc5 a2 59. Bc3 Ba5 60. Ba1 e4 61. Kd4 Bc7 $1 {
[%cal Rc7e5] /\Be5-+}) 53... Bc7 54. a5 $5 {The last try.} Kh7 $2 {From move
12 onwards Black always chose solid and passive moves, here it's one passive
move too many.} (54... bxa5 $8 {[%cal Rc7b6] /\Bb6= was necessary, Black seems
to hold:} 55. b6 $1 (55. Kb3 $6 Bb6 56. Ka4 c4 $5 $36 (56... Kh7 $11 57. Bxa5
$2 Bxa5 58. Kxa5 e4 59. b6 e3 60. b7 e2 61. b8=Q e1=Q+ $19)) 55... Bxb6 56. Kb5
Bd8 (56... Bc7 $2 57. Kc6 a4 58. Kxc7 a3 59. Kxd6 e4 60. Kxc5 $18 {and White
catches both o^.}) 57. Kc6 a4 (57... Be7 $2 58. Bxa5 {[%cal Rc6d7,Ra5d2,Rh4h6]
/\Bd2,Kd7,h5-h6+-}) 58. Kxd6 a3 59. Kxc5 (59. Kd7 a2 $1 (59... Bb6 60. Kc6 Bd8
61. Kxc5 a2 62. d6 Ba5 63. Ba1 {-59.Kxc5}) 60. Kxd8 e4 61. d6 e3 62. d7 e2 63.
Kc8 e1=Q 64. Bxe1 a1=Q $11) 59... a2 60. d6 (60. Kc4 $2 Bc7 $1 61. Kb3 e4 62.
Kxa2 Bxg3 $36) 60... Ba5 61. Ba1 Kf7 $11 {and White can't improve his position:
} 62. Kd5 Bb6 63. d7 Ba5 64. Kc5 (64. h5 $6 Kg7 $1 {[%cal Rg7h6] /\Kh6}) (64.
Kc4 $6 Ke7 65. h5 Bd2 $17) (64. Bc3 Bxc3 65. d8=Q a1=Q 66. Qd7+ $11) 64... Bc7
(64... Ke7 $2 65. h5 $1 Bd2 66. Kc6 Kd8 67. Bb2 $22 Ke7 (67... Bg5 68. Bc3) 68.
h6 $1 Bxh6 69. Kc7 $18) 65. Bc3 Bd8 $11 66. Kc6 $2 e4) 55. a6 Bb8 56. Bd2 Ba7
57. Be3 Kg7 58. Kb3 Kh7 59. Kc4 Kg7 60. Kd3 Kh7 61. h5 Kg7 62. h6+ (62. h6+ Kh7
(62... Kf7 63. h7 Kg7 64. Bh6+ Kxh7 65. Bf8 Kg8 66. Bxd6 Kf7 67. Bc7 Ke7 68.
d6+ Kd7 69. Kc3 e4 70. Kc4 $22 Ke8 71. Kd5 e3 72. Ke6 $18) 63. Ke4 Bb8 (63...
Kg8 64. Bg5 fxg5 65. f6 c4 66. Kf5 c3 67. Kg6 $18) 64. Bg5 $1 fxg5 65. f6 Kxh6
(65... c4 66. f7 $18) 66. Kf5 c4 67. Ke6 c3 68. f7 $18) 1-0